| 000 | 01115cam a2200289 a 4500 | ||
|---|---|---|---|
| 001 | 11304 | ||
| 003 | BD-RjUL | ||
| 005 | 20211208235113.0 | ||
| 008 | 140126s1959 nyu 001 0 eng d | ||
| 035 | _aCURL 020000376287(Edi) from jcc1169 | ||
| 035 |
_a(OCoLC)383587 _a(BD-RjUL)11353 |
||
| 040 |
_aDLC _cWSU _dOCL _dm.c _dEUX _dBD-RjUL _beng |
||
| 041 | _aeng | ||
| 082 | 0 | 0 |
_a213 _bGIG 1959 |
| 100 | 1 |
_aGillispie, Charles Coulston. _922634 |
|
| 245 | 1 | 0 |
_aGenesis and geology : _ba study in the relations of scientific thought, natural theology, and social opinion in Great Britain, 1790-1850 / _cCharles Coulston Gillispie. |
| 260 |
_aNew York : _bHarper & Row, _cc1959. |
||
| 300 |
_a[xiv], 306 p. ; _c21 cm. |
||
| 490 | 1 | _aHarper torchbooks. Cloister library | |
| 500 | _aOriginally published as Vol. LVIII of the Harvard Historical Studies and reprinted by arrangement with the Harvard University Press. | ||
| 650 | 0 |
_aGeology. _934960 |
|
| 650 | 0 |
_aReligion and science _xHistory. _934961 |
|
| 830 | 0 |
_aHarper torchbooks. _934967 |
|
| 942 |
_2ddc _cBK |
||
| 999 |
_c11304 _d11304 |
||